|
|
|
|
| LEADER |
00000cam a22000004a 4500 |
| 001 |
musev2_6507 |
| 003 |
MdBmJHUP |
| 005 |
20230905040747.0 |
| 006 |
m o d |
| 007 |
cr||||||||nn|n |
| 008 |
070227s2007 alu o 00 0 eng d |
| 010 |
|
|
|z 2007008352
|
| 020 |
|
|
|a 9780817380465
|
| 020 |
|
|
|z 9780817354480
|
| 035 |
|
|
|a (OCoLC)647930684
|
| 040 |
|
|
|a MdBmJHUP
|c MdBmJHUP
|
| 043 |
|
|
|a n-us---
|a a-ja---
|
| 050 |
0 |
4 |
|a D767.99.I9
|b C37 2007
|
| 082 |
0 |
|
|a 940.54/2528092
|2 22
|
| 100 |
1 |
|
|a Caruso, Patrick F.,
|d 1921-
|
| 240 |
1 |
0 |
|a Nightmare on Iwo
|
| 245 |
1 |
0 |
|a Nightmare on Iwo Jima :
|b A Marine in Combat /
|c Patrick F. Caruso.
|
| 264 |
|
1 |
|a Tuscaloosa, Ala. :
|b University of Alabama Press,
|c 2007.
|
| 264 |
|
3 |
|a Baltimore, Md. :
|b Project MUSE,
|c 2012
|
| 264 |
|
4 |
|c ©2007.
|
| 300 |
|
|
|a 1 online resource (188 pages):
|b ill., 1 map ;
|
| 336 |
|
|
|a text
|b txt
|2 rdacontent
|
| 337 |
|
|
|a computer
|b c
|2 rdamedia
|
| 338 |
|
|
|a online resource
|b cr
|2 rdacarrier
|
| 500 |
|
|
|a Includes index.
|
| 500 |
|
|
|a Originally published as: Nightmare on Iwo. Annapolis, Md. : Naval Institute Press, 2001.
|
| 588 |
|
|
|a Description based on print version record.
|
| 600 |
1 |
0 |
|a Caruso, Patrick F.,
|d 1921-
|
| 650 |
|
0 |
|a World War, 1939-1945
|x Regimental histories
|z United States.
|
| 650 |
|
0 |
|a Iwo Jima, Battle of, Japan, 1945
|v Personal narratives, American.
|
| 610 |
1 |
0 |
|a United States.
|b Marine Corps
|x Officers
|v Biography.
|
| 610 |
1 |
0 |
|a United States.
|b Marine Corps.
|b Division, 3rd.
|b Battalion, 3rd.
|b Kilo Company
|x History.
|
| 651 |
|
0 |
|a Iwo Jima (Volcano Islands, Japan)
|x History, Military
|y 20th century.
|
| 655 |
|
7 |
|a Electronic books.
|2 local
|
| 710 |
2 |
|
|a Project Muse.
|e distributor
|
| 830 |
|
0 |
|a Book collections on Project MUSE.
|
| 856 |
4 |
0 |
|z Texto completo
|u https://projectmuse.uam.elogim.com/book/6507/
|
| 945 |
|
|
|a Project MUSE - Custom Collection
|
| 945 |
|
|
|a Project MUSE - Archive Complete Foundation
|
| 945 |
|
|
|a Project MUSE - Archive History Foundation
|